NTA UGC NET SET JRF management paper II / (Record no. 180462)

MARC details
000 -LEADER
fixed length control field 00612nam a22002057a 4500
005 - DATE AND TIME OF LATEST TRANSACTION
control field 20210810111413.0
010 ## - LCCN (DPL NO)
LC control number ENG-129731
020 ## - INTERNATIONAL STANDARD BOOK NUMBER
International Standard Book Number 9789354492143
Terms of availability 675.00
035 ## - SYSTEM CONTROL NUMBER
System control number EN-113263
037 ## - SOURCE OF ACQUISITION
Source of stock number/acquisition DBAD/PUB
082 ## - DEWEY DECIMAL CLASSIFICATION NUMBER
Classification number 658
100 ## - MAIN ENTRY--PERSONAL NAME
Personal name Mahak Mahajan
245 ## - TITLE STATEMENT
Title NTA UGC NET SET JRF management paper II /
Statement of responsibility, etc by Mahak Mahajan
250 ## - EDITION STATEMENT
Edition statement 2nd ed.
260 ## - PUBLICATION, DISTRIBUTION, ETC. (IMPRINT)
Place of publication, distribution, etc Noida
Name of publisher, distributor, etc Pearson
Date of publication, distribution, etc 2021
270 ## - ADDRESS
Address 15th Floor, Tower-B, World Trade Tower, Plot No.1, Block-C, Sector-16
City Noida
Postal code 201301
300 ## - PHYSICAL DESCRIPTION
Extent vp.
Dimensions 25cm(pbk)
500 ## - GENERAL NOTE
General note includes 2020 paper
942 ## - ADDED ENTRY ELEMENTS (KOHA)
Source of classification or shelving scheme Dewey Decimal Classification
Item type English Books
Classification part 658
Call number suffix MAH
Holdings
Withdrawn status Lost status Not for loan Collection code Home library Current library Date acquired Source of acquisition Cost, normal purchase price Full call number Barcode Copy number Cost, replacement price Koha item type
      Non-fiction Shahdara Branch Shahdara Branch 10/08/2021 DBAD/PUB 675.00 658 MAH EN-113263 1 675.00 English Books

© Delhi Public Library
Hit Counter
free hit counter